• 首页
  • 本馆介绍
  • 公告通知
  • 最新文献
  • 馆藏检索
  • 电子资源
  • 读者导购
  • 参考咨询
  • 我的图书馆
  • 登录
  • 详细信息显示
  • 放入我的书架
  • 预约/预借图书
  • 作者相关作品
  • 分类相关作品
  • 丛书相关作品
  • 出版社相关作品

书目信息

  • 表格格式
  • 工作单格式
  • 卡片格式
题名:
京味儿食足
    
 
作者: 崔岱远 著
分册:  
出版信息: 北京   生活·读书·新知三联书店  2012.11
页数: 137页
开本: 21cm
丛书名:
单 册:
中图分类: TS971.2(2)
科图分类:
主题词: 饮食--文化--北京 , 饮食
电子资源:
ISBN: 978-7-108-04179-1
000 00757nam0 2200241 450
001 005753193
005 20130504154422.14
010    @a978-7-108-04179-1@dCNY23.00
100    @a20130107d2012 em y0chiy50 ea
101 0  @achi
102    @aCN@b110000
105    @ay z 000yy
106    @ar
200 1  @a京味儿食足@9jing wei er shi zu@f崔岱远著
210    @a北京@c生活·读书·新知三联书店@d2012.11
215    @a137页@d21cm
330    @a本书讲解了一些吃食的正宗做法和吃法,介绍了那些已经消逝和正在消逝的京城的字号、规矩,呈现了北京人所特有的生活方式和生活态度。
606 0  @a饮食@x文化@y北京
606 0  @a饮食
690    @aTS971.2(2)@v5
701  0 @a崔岱远@9cui dai yuan@4著
801  0 @aCN@bNLC@c20130107
905    @b543075-79@dTS971.2(2)@e313@f5
    
    京味儿食足/崔岱远著.-北京:生活·读书·新知三联书店,2012.11
    137页;21cm
    
    
    ISBN 978-7-108-04179-1:CNY23.00
    本书讲解了一些吃食的正宗做法和吃法,介绍了那些已经消逝和正在消逝的京城的字号、规矩,呈现了北京人所特有的生活方式和生活态度。
●
相关链接 在E读中查询图书 在五车中查询图书 在当当中查询图书 在豆瓣中查询图书


正题名:京味儿食足     索取号:TS971.2(2)/313         预约/预借

序号 登录号 条形码 馆藏地/架位号 状态 备注
1 543075   205430755   第二样本阅览室/ [索取号:TS971.2(2)/313] 在馆    
2 543076   205430764   第三借阅区/ [索取号:TS971.2(2)/313] 在馆    
3 543077   205430773   第三借阅区/ [索取号:TS971.2(2)/313] 在馆    
4 543078   205430782   第三借阅区/ [索取号:TS971.2(2)/313] 在馆    
5 543079   205430791   第三借阅区/ [索取号:TS971.2(2)/313] 在馆    
唐山师范学院图书馆 欢迎您!
大连网信软件有限公司© 版权所有